00336 a2200121 450000100060000010000180000624500180002426000290004209000170007194200230008899900190011195200840013045989 aMiddlecoff C aAdvanced Golf aLondonbNicholas Kayerc c29109d29109 aNUST-CAEcMc21235 c281062d281062 001040708NFICaCAEbCAEd2017-04-03l0pCAE38170r2017-04-05w2017-04-05yBK